000 00592nam a2200241Ia 4500
003 OSt
005 20220912145721.0
006 a|||||r|||| 00| 0
007 ta
008 220909b |||||||| |||| 00| 0 eng d
024 _a74262
037 _cTextbook
040 _aCSL
_beng
_cCSL
041 _aeng
082 _aI,14:1995, F95L8 cS
100 _aMiles Anne
245 0 _aPhotomicrographs of world woods
260 _c1978
300 _ap.
_ccm.
650 _aBotany
942 _hI,14:1995, F95L8 cS
_cTB
_2CC
999 _c36956
_d36956